「一回だけ使用されている文字」北海道編 - Statistics

General Stats
  • This quiz has been taken 1,093 times
  • The average score is 37 of 44
Answer Stats
文字 振興局名 解答欄 % Correct
石狩 千歳市
96%
十勝 帯広市
96%
宗谷 稚内市
96%
留萌 留萌市
96%
後志 小樽市
95%
オホーツク 紋別市
95%
空知 夕張市
95%
後志 倶知安町
93%
空知 美唄市
93%
上川 美瑛町
93%
渡島 北斗市
93%
上川 占冠村
92%
オホーツク 網走市
92%
留萌 増毛町
91%
オホーツク 斜里町
90%
日高 えりも町
88%
檜山 江差町
88%
後志 余市町
88%
後志 ニセコ町
87%
胆振 洞爺湖町
87%
宗谷 猿払村
86%
上川 音威子府村
85%
十勝 新得町
85%
釧路 弟子屈町
85%
釧路 標茶町
84%
十勝 芽室町
83%
後志 積丹町
83%
後志 京極町
82%
十勝 大樹町
82%
日高 新ひだか町
81%
十勝 幕別町
81%
日高 様似町
81%
オホーツク 大空町
80%
オホーツク 訓子府町
79%
空知 妹背牛町
79%
空知 雨竜町
78%
後志 共和町
78%
釧路 白糠町
78%
上川 剣淵町
76%
十勝 豊頃町
71%
胆振 壮瞥町
70%
留萌 初山別村
69%
十勝 鹿追町
67%
檜山 乙部町
66%
No matching quizzes found
Score Distribution
Percent of People with Each Score
Percentile by Number Answered
Your Score History
You have not taken this quiz